Culture Générale - Série 1618 - Statistiques

Statistiques générales
  • Ce quiz a été pris 144 fois
  • Le résultat moyen est 7 sur 10
Statistiques - réponses
Question Réponse % Correct
A quel membre de sa famille un ado fait-il allusion, quand il parle de son "daron" ? père
96%
De quelle île française les Rétais sont-ils les habitants ? île de Ré
95%
Dans quelle pièce de Corneille le personnage de Rodrigue se trouve-t-il en proie au conflit de l'amour et du devoir ? Le Cid
87%
Comment s'appelle le chien à trois têtes qui garde l'entrée des Enfers ? Cerbère
82%
Dans quel pays se trouve le plus grand port du monde ? Chine
78%
Dans quelle ville californienne la "Pretty Woman" Julia Roberts rencontre-t-elle Richard Gere ? Los Angeles
77%
Quel cycliste belge a remporté cinq fois le Tour de France, de 1969 à 1974 ? Eddy Merckx
58%
A quel poète doit-on le vers : “J'ai plus de souvenirs que si j'avais mille ans” ? Charles Baudelaire
32%
Qui a réalisé le film "Mars attacks" en 1996 ? Tim Burton
31%
De quelle collectivité territoriale française les îles Loyauté dépendent-elles ? Nouvelle-Calédonie
24%
Aucun quiz correspondant
Distribution des résultats
% des personnes avec chaque résultat
Percentile par nombre de réponses
Votre historique - résultats
Vous n’avez pas pris ce quiz